| 000 | 00890nam a22002297a 4500 | ||
|---|---|---|---|
| 005 | 2012092407427.0 | ||
| 008 | 120924t xxu||||| |||| 00| 0 eng d | ||
| 010 | _aENG-105950 | ||
| 020 |
_a9789380833750 _c795.00 |
||
| 035 | _aEN-89483 | ||
| 037 | _bDBAD/PUB | ||
| 040 |
_aDPL _bEnglish |
||
| 082 | _a351.072 | ||
| 245 |
_aResearch methodology in public administration / _cedited by Ashok Kumar |
||
| 260 |
_aNew Delhi _bGlobal Publications _c2012 |
||
| 270 |
_a4378/4B, G-4 JMD House, Murari Lal Street, Ansari Road, Daryaganj _bNew Delhi _e110002 _mglobalpublications4U@gmail.com |
||
| 300 |
_avi,264p. _c22cm(Hb) |
||
| 500 | _aIncludes index | ||
| 700 |
_aAshok Kumar _952576 |
||
| 942 |
_2ddc _cEN _h351.072 _mRES |
||
| 999 |
_c70244 _d70244 |
||